000 01482nam a22001937a 4500
999 _c64082
_d64082
003 Ge_BSU
005 20260325125407.0
008 260325s1972 ge ||||| |||| 00| 0 geo d
041 _ageo
080 _a329.150.4 : 330.1 ბ-32
100 _aბაქრაძე, ილია
_927203
245 _aეკონომიური ცოდნის საფუძვლები :
_bპარტიული სწავლების დაწყებითი პოლიტიკური სკოლის მსმენელთა დასახმარებლად /
_cილია ბაქრაძე; საქ. კპ ცენტრ. კომიტეტისა და თბილისის კომიტეტის პოლიტიკური განათლ. რესპ. სახლი.
264 _aთბილისი :
_bსაქ. კპ ცკ-ის გამ-ბა,
_c1972.
300 _a286 გვ. ;
_b21 სმ.
504 _aბიბლიოგრაფია თითოეული თემის შემდეგ.
653 _aეკონომიური ცოდნა
710 _aსაქართველოს კპ ცენტრალური კომიტეტისა და თბილისის კომიტეტის პოლიტიკური განათლების რესპუბლიკური სახლი.
_927204
942 _2udc
_cᲬᲘᲒᲜᲘ